[Event "Nashville Super Nationals V"]
[Site "Nashville"]
[Date "2013.04.07"]
[Round "6"]
[White "Brown, Michael William"]
[Black "Rossi, Tian"]
[Result "1-0"]
[WhiteElo "2255"]
[BlackElo "2069"]
[PlyCount "99"]
[EventDate "2013.04.05"]
[EventType "swiss"]
[EventRounds "7"]
[EventCountry "USA"]
[SourceTitle "CBM 153 Extra"]
[Source "ChessBase"]
[SourceDate "2013.04.22"]
[SourceVersion "1"]
[SourceVersionDate "2013.04.22"]
[SourceQuality "1"]

1. d4 c6 2. c4 Nf6 3. Nc3 d5 4. cxd5 cxd5 5. Nf3 Nc6 6. Bf4 Bf5 7. e3 e6 8. Bb5 Nd7 9. 0-0 Be7 10. Qb3 Rc8 11. Rfc1 g5 12. Bg3 h5 13. h3 g4 14. hxg4 hxg4 15. Ne1 f6 16. Bd3 Bxd3 17. Nxd3 Na5 18. Qa4 Rc4 19. b4 Nc6 20. a3 a5 21. Nb5 axb4 22. axb4 Kf7 23. Rxc4 dxc4 24. Nc5 Nxc5 25. bxc5 Qd5 26. Nc3 Qh5 27. Kf1 Qh1+ 28. Ke2 Qxg2 29. Qxc4 Rh3 30. Kd3 f5 31. Qb3 f4 32. Bxf4 Qxf2 33. Ne2 Qf3 34. Rg1 Kf6 35. Ng3 Qd5 36. Qxd5 exd5 37. Rb1 Nd8 38. Rb6+ Kf7 39. Nf5 Rf3 40. Nh6+ Ke8 41. Nxg4 Rf1 42. Bc7 Rf7 43. Ne5 Rg7 44. Bxd8 Bxd8 45. Rd6 Ba5 46. Rxd5 Rg1 47. Nc4 Bc7 48. Nd6+ Bxd6 49. Rxd6 Ke7 50. Rb6 1-0